[Event "Andalucia-ch U10"]
[Site "Islantilla"]
[Date "2012.04.14"]
[Round "7"]
[White "Torres Garcia, Mario"]
[Black "Carrasco Perez, Cesar"]
[Result "1/2-1/2"]
[WhiteElo "1286"]
[BlackElo "1170"]
[PlyCount "64"]
[EventDate "2012.04.13"]
[EventType "swiss"]
[EventRounds "9"]
[EventCountry "ESP"]
[SourceTitle "CBM 148 Extra"]
[Source "ChessBase"]
[SourceDate "2012.06.22"]
[SourceVersion "1"]
[SourceVersionDate "2012.06.22"]
[SourceQuality "1"]

1. c4 c5 2. Nc3 Nf6 3. g3 g6 4. Bg2 Bg7 5. a3 Nc6 6. Rb1 a6 7. e3 Rb8 8. Nge2 b5 9. Qb3 Na5 10. Qa2 d6 11. cxb5 axb5 12. Nd5 Be6 13. Nxf6+ Bxf6 14. Bd5 Bxd5 15. Qxd5 0-0 16. 0-0 c4 17. Nd4 e6 18. Qe4 d5 19. Qg4 Qd6 20. Ne2 Nb3 21. Kh1 Nxc1 22. Nxc1 h5 23. Qe2 Be5 24. d4 cxd3 25. Nxd3 Rb7 26. Nxe5 Qxe5 27. Qc2 Qe4+ 28. Qxe4 dxe4 29. Rfd1 b4 30. axb4 Rxb4 31. Rd2 Rbb8 32. b4 Kg7 1/2-1/2

[Event "Andalucia-ch U10"]
[Site "Islantilla"]
[Date "2012.04.13"]
[Round "4"]
[White "Lechuga Cabrero, Luis Miguel"]
[Black "Torres Garcia, Mario"]
[Result "1-0"]
[WhiteElo "1747"]
[BlackElo "1286"]
[PlyCount "61"]
[EventDate "2012.04.13"]
[EventType "swiss"]
[EventRounds "9"]
[EventCountry "ESP"]
[SourceTitle "CBM 148 Extra"]
[Source "ChessBase"]
[SourceDate "2012.06.22"]
[SourceVersion "1"]
[SourceVersionDate "2012.06.22"]
[SourceQuality "1"]

1. e4 c5 2. Nf3 Nc6 3. d4 cxd4 4. Nxd4 g6 5. Nc3 Bg7 6. Be3 Qb6 7. Nb3 Qb4 8. Qd2 Bxc3 9. Qxc3 Qxc3+ 10. bxc3 Nf6 11. f3 0-0 12. g4 Ne5 13. Be2 Nc6 14. 0-0-0 a6 15. h4 Rd8 16. h5 Kg7 17. Nd4 d5 18. h6+ Kg8 19. Nxc6 bxc6 20. g5 Nh5 21. Rhe1 f6 22. Bc4 Be6 23. Bb3 a5 24. exd5 cxd5 25. Bb6 Rdb8 26. Rxe6 Nf4 27. Rc6 Nh5 28. Bxd5+ Kf8 29. Rc7 Ra6 30. Ba7 Rb5 31. Rc8# 1-0

[Event "Andalucia-ch U10"]
[Site "Islantilla"]
[Date "2012.04.13"]
[Round "1"]
[White "Torres Garcia, Mario"]
[Black "Garcia de Viguera Vigo, Marta"]
[Result "1-0"]
[WhiteElo "1286"]
[BlackElo "1017"]
[PlyCount "107"]
[EventDate "2012.04.13"]
[EventType "swiss"]
[EventRounds "9"]
[EventCountry "ESP"]
[SourceTitle "CBM 148 Extra"]
[Source "ChessBase"]
[SourceDate "2012.06.22"]
[SourceVersion "1"]
[SourceVersionDate "2012.06.22"]
[SourceQuality "1"]

1. d4 d6 2. Nf3 Nc6 3. Nbd2 Bf5 4. c3 Nf6 5. Nh4 Be6 6. Nhf3 Bd5 7. Qc2 e6 8. c4 Bxf3 9. Nxf3 d5 10. Ne5 Bb4+ 11. Bd2 0-0 12. Nxc6 bxc6 13. Bxb4 c5 14. Bxc5 Re8 15. e3 c6 16. Qa4 Rb8 17. b3 Ne4 18. Qxc6 h6 19. Bxa7 Qa5+ 20. Ke2 Nc3+ 21. Kf3 Qxa7 22. cxd5 Nxa2 23. dxe6 Rec8 24. Qd7 Rc7 25. exf7+ Kf8 26. Qa4 Rxf7+ 27. Ke2 Nc3+ 28. Ke1 Nxa4 29. Rxa4 Qd7 30. Ra1 Rxb3 31. Bc4 Rb7 32. Bxf7 Qxf7 33. Rd1 Qe7 34. Ke2 Rb2+ 35. Ke1 Qb4+ 36. Kf1 Qc4+ 37. Kg1 Qe2 38. Rf1 Qb5 39. g3 Qa4 40. Kg2 Qa8+ 41. Kg1 Qa6 42. h3 g5 43. Kg2 Qa2 44. h4 Qd5+ 45. Kg1 Re2 46. hxg5 Qf5 47. gxh6 Qf3 48. Rh2 Kg8 49. Rb1 Qe4 50. h7+ Kh8 51. Rb8+ Kg7 52. h8Q+ Kg6 53. Qh7+ Kg5 54. Qxe4 1-0